000 00886cam a22003134a 4500
001 15598111
003 OSt
005 20180419130550.0
008 090123s2010 paua 001 0 eng
010 _a 2009002530
016 7 _a101494245
_2DNLM
020 _a9781416054184
020 _a1416054189
035 _a(OCoLC)ocn300396898
040 _aDNLM/DLC
_cDLC
_dYDX
_dBTCTA
_dYDXCP
_dNLM
_dCDX
_dDLC
042 _apcc
050 0 0 _aQM451
_b.F44 2010
082 0 0 _aWL 100 F341n 2010
100 1 _aFelten, David L.; Anil N. Shetty
_9378
245 1 0 _aNetter's Atlas of Neuroscience
250 _a2nd ed.
260 _aPhiladelphia, PA :
_bSaunders,
_c2010.
300 _axviii, 438 p. :
_bcol.ill. ;
_c28 cm.
504 _aIncludes index.
650 0 _aNervous system
_9379
650 0 _aAtlas
_99564
906 _a7
_bcbc
_corignew
_d1
_eecip
_f20
_gy-gencatlg
942 _2z
_cB_BANK
999 _c144
_d144